Federal Constitution (as at 1st April 2000)

Bibliographic Details
Corporate Authors: Malaysia, nternational Law Book Services . Legal Research Board
Format: Book
Language:English
Published: Petaling Jaya : International law Book Services , c2000
Series:Laws of Malaysia
Subjects:

MARC

LEADER 00000cam a2200000 7i4500
001 0000027440
005 20230817.0
008 170315 my # eng
020 |a 9678906449 (pbk) 
040 |a INS   |b eng   |e rda 
090 0 0 |a KPG1744.51963.A6   |b M35 2000 
110 1 |a Malaysia 
245 0 0 |a Federal Constitution (as at 1st April 2000)   |c Compiled by Legal Research Board 
260 |a Petaling Jaya :   |b International law Book Services ,   |c c2000 
300 |a 204 pages ;   |c 24cm. 
336 |a text  |2 rdacontent 
337 |a unmediated  |2 rdamedia 
338 |a volume  |2 rdacarrier 
490 0 |a Laws of Malaysia 
610 0 0 |a Constitutional law   |z Malaysia 
651 0 |z Malaysia   |x Constitution 
710 0 |a nternational Law Book Services .   |b Legal Research Board 
999 |a 0000024489   |b BOOK   |c Acts   |e Default branch